000
00203 a2200109 4500
020
_a
9780156031660
041
_a
eng
100
_a
Jenna Blum
245
_a
Those who save us
942
_c
BK
952
_7
1
999
_c
24974
_d
24974